LEADER 01933nam0 22004813i 450 001 VAN00283503 005 20250124014627.340 017 70$2N$a9783030944728 100 $a20241128d2022 |0itac50 ba 101 $aeng 102 $aCH 105 $a|||| ||||| 181 $ai$b e 182 $ab 183 $acr 200 1 $aExpedition into the Nanoworld$eAn Exciting Voyage from Optical Microscopy to Nanoscopy$fAlberto Diaspro 210 $aCham$cSpringer$d2022 215 $axx, 217 p.$cill.$d24 cm 606 $a01-XX$xHistory and biography [MSC 2020]$3VANC021469$2MF 606 $a82-XX$xStatistical mechanics, structure of matter [MSC 2020]$3VANC021931$2MF 606 $a92C05$xBiophysics [MSC 2020]$3VANC020842$2MF 610 $aBioimaging$9KW:K 610 $aFluorescence Microscopy$9KW:K 610 $aLabel-free Optical Microscopy$9KW:K 610 $aMicroscopy Popular Science$9KW:K 610 $aMulti-messenger Microscopy$9KW:K 610 $aMulti-photon MIcroscopy$9KW:K 610 $aOptical Microscopy$9KW:K 610 $aOptical Nanoscopy$9KW:K 610 $aSuper Resolution Imaging$9KW:K 610 $aThree-dimensional Microscopy$9KW:K 610 $aTime-resolved Microscopy$9KW:K 620 $aCH$dCham$3VANL001889 700 1$aDiaspro$bAlberto$3VANV068905$0792036 712 $aSpringer $3VANV108073$4650 801 $aIT$bSOL$c20250613$gRICA 856 4 $uhttps://doi.org/10.1007/978-3-030-94472-8$zE-book ? Accesso al full-text attraverso riconoscimento IP di Ateneo, proxy e/o Shibboleth 899 $aBIBLIOTECA DEL DIPARTIMENTO DI MATEMATICA E FISICA$1IT-CE0120$2VAN08 912 $fN 912 $aVAN00283503 950 $aBIBLIOTECA DEL DIPARTIMENTO DI MATEMATICA E FISICA$d08DLOAD e-Book 9939 $e08eMF9939 20241211 996 $aExpedition into the Nanoworld$92810621 997 $aUNICAMPANIA LEADER 01306nam0 2200337 i 450 001 VAN00050232 005 20260305112315.109 010 $a88-07-08088-5 010 $a978-88-07-08088-3 100 $a20060825d1990 |0itac50 ba 101 $aita 102 $aIT 105 $a|||| ||||| 181 $ai$b e 182 $an 183 $anc 200 1 $aˆUn ‰universo troppo semplice$ela visione storica e la visione scientifica del mondo$fGiuliano Toraldo di Francia 210 $aMilano$cFeltrinelli$d1990 215 $a157 p.$d23 cm 410 1$1001VAN00012212$12001 $aSaggi 606 $a00-XX$xGeneral and overarching topics; collections [MSC 2020]$3VANC025238$2MF 620 $dMilano$3VANL000284 700 1$aToraldo di Francia$bGiuliano$3VANV013277$0284729 712 $aFeltrinelli $3VANV108030$4650 801 $aIT$bSOL$c20260306$gRICA 856 4 $u/sebina/repository/catalogazione/documenti/ID 50232.pdf$zID 50232.pdf 899 $aBIBLIOTECA DEL DIPARTIMENTO DI MATEMATICA E FISICA$1IT-CE0120$2VAN08 912 $aVAN00050232 950 $aBIBLIOTECA DEL DIPARTIMENTO DI MATEMATICA E FISICA$d08PREST 00-XX 4439 $e08 3441 I 20060825 996 $aUniverso troppo semplice$9710336 997 $aUNICAMPANIA